[Event "46th GRE-chT Premier 2018"]
[Site "Rio Achaia"]
[Date "2018.07.12"]
[Round "4"]
[White "Baron, Tal"]
[Black "Grivas, Efstratios"]
[Result "1-0"]
[WhiteElo "2530"]
[BlackElo "2431"]
[Annotator "RC"]
[PlyCount "99"]
[EventDate "2018.07.10"]
[EventType "team-tourn"]
[EventCountry "GRE"]
[SourceTitle "playchess.com"]
[Source "ChessBase"]
[SourceQuality "1"]
[TimeControl "40/5400+30:1800+30"]

1. e4 {[%emt 0:00:09]} e5 {[%emt 0:00:38]} 2. Nf3 {[%emt 0:00:03]} Nc6 {[%emt 0:00:06]} 3. Bb5 {[%emt 0:00:03]} a6 {[%emt 0:00:07]} 4. Ba4 {[%emt 0:00:04]} Nf6 {[%emt 0:00:09]} 5. O-O {[%emt 0:00:06]} Nxe4 {[%emt 0:00:11]} 6. d4 {[%emt 0:00:02]} b5 {[%emt 0:00:08]} 7. Bb3 {[%emt 0:00:01]} d5 {[%emt 0:00:08]} 8. dxe5 {[%emt 0:00:02]} Be6 {[%emt 0:00:06]} 9. Qe2 {[%emt 0:00:08]} Bc5 {[%emt 0:01:23]} 10. Nbd2 {[%emt 0:01:17]} Nxd2 {[%emt 0:02:38]} 11. Bxd2 {[%emt 0:00:09]} O-O {[%emt 0:02:30]} 12. c3 {[%emt 0:00:18]} Qd7 {[%emt 0:06:59]} 13. Be3 {[%emt 0:15:27]} Bxe3 {[%emt 0:09:06]} 14. Qxe3 {[%emt 0:00:04]} Ne7 {[%emt 0:01:26]} 15. Rfd1 {[%emt 0:17:49]} c6 {[%emt 0:03:35]} 16. h3 {[%emt 0:02:35]} Qa7 {[%emt 0:02:01]} 17. Qf4 {[%emt 0:01:05]} f6 {[%emt 0:08:51]} 18. Bc2 {[%emt 0:04:46]} Qd7 {[%emt 0:09:47]} 19. a4 {[%emt 0:01:46]} fxe5 {[%emt 0:08:10]} 20. Qxe5 {[%emt 0:00:32]} Bf5 {[%emt 0:03:21]} 21. Bxf5 {[%emt 0:02:46]} Nxf5 {[%emt 0:00:24]} 22. axb5 {[%emt 0:00:22]} axb5 {[%emt 0:00:07]} 23. Rxa8 {[%emt 0:00:33]} Rxa8 {[%emt 0:00:01]} 24. Re1 {[%emt 0:00:10]} Nd6 {[%emt 0:04:11]} 25. Qe6+ {[%emt 0:01:50]} Qxe6 {[%emt 0:03:50]} 26. Rxe6 {[%emt 0:00:03]} Rd8 {[%emt 0:01:31]} 27. b4 {[%emt 0:03:53]} Kf8 {[%emt 0:05:49]} 28. Ne5 {[%emt 0:02:57]} Ne4 {[%emt 0:07:22]} 29. Rxc6 {[%emt 0:01:09]} Ra8 {[%emt 0:05:42]} 30. f3 {[%emt 0:00:43]} Ra1+ {[%emt 0:00:02]} 31. Kh2 {[%emt 0:00:03]} Nd2 {[%emt 0:00:06]} 32. Rc5 {[%emt 0:03:53]} Rc1 {[%emt 0:05:15]} 33. Nd7+ {[%emt 0:00:45]} Ke8 {[%emt 0:01:55]} 34. Nb6 {[%emt 0:00:28]} Nf1+ {[%emt 0:01:21]} 35. Kg1 {[%emt 0:00:03]} Ne3+ {[%emt 0:00:08]} 36. Kf2 {[%emt 0:00:09]} Rxc3 {[%emt 0:00:52]} 37. Rxc3 {[%emt 0:01:45]} Nd1+ {[%emt 0:00:05]} 38. Ke2 {[%emt 0:00:09]} Nxc3+ {[%emt 0:00:15]} 39. Kd3 {[%emt 0:00:22]} Na2 {[%emt 0:00:00]} 40. Nxd5 {[%emt 0:00:00]} Kd7 41. f4 {[%emt 0:02:15]} Nc1+ {[%emt 0:07:32]} 42. Kd4 {[%emt 0:01:29]} Kd6 {[%emt 0:00:32]} 43. Nc3 {[%emt 0:00:27]} Kc6 {[%emt 0:00:48]} 44. g4 {[%emt 0:00:42]} Nb3+ {[%emt 0:00:11]} 45. Kd3 {[%emt 0:00:35]} h6 {[%emt 0:01:00]} 46. h4 {[%emt 0:01:46]} Kb6 {[%emt 0:00:31]} 47. h5 {[%emt 0:00:15]} Kc6 {[%emt 0:00:04]} 48. Ke3 {[%emt 0:01:32]} Na1 {[%emt 0:00:27]} 49. Kd2 {[%emt 0:00:21]} Nb3+ {[%emt 0:00:12]} 50. Kd3 {[%emt 0:00:04] Kd5 Ke4+} 1-0

[Event "46th GRE-chT Premier 2018"]
[Site "Rio Achaia"]
[Date "2018.07.12"]
[Round "4"]
[White "Macieja, Bartlomiej"]
[Black "Erdos, Viktor"]
[Result "1-0"]
[WhiteElo "2525"]
[BlackElo "2619"]
[Annotator "TA"]
[PlyCount "77"]
[EventDate "2018.07.10"]
[EventType "team-tourn"]
[EventCountry "GRE"]
[SourceTitle "playchess.com"]
[Source "ChessBase"]
[SourceQuality "1"]

{[%evp 21,77,-12,-13,-10,-22,-23,31,33,37,42,46,36,15,20,57,57,57,57,57,56,56,59,59,52,52,56,52,49,87,86,114,110,138,75,73,77,263,264,262,263,258,258,252,252,243,230,287,267,308,308,345,304,304,304,475,408,581,579]} 1. e4 e5 2. Nf3 Nc6 3. Bb5 {[%cal Bf1b5,Bb5a4,Ba4b3,Bb3a2][%mdl 32]} a6 4. Ba4 Nf6 5. O-O b5 6. Bb3 Bb7 7. d3 Be7 8. Nc3 d6 9. a4 b4 10. Nd5 Na5 {C84: Closed Ruy Lopez: Unusual White 6th moves} (10... Nxd5 11. Bxd5 Rb8 12. a5 O-O 13. Bd2 Kh8 14. h3 f5 15. exf5 Rxf5 16. Qe1 Qf8 17. Qe4 Nd8 18. Bxb7 Nxb7 19. d4 exd4 20. Nxd4 Nc5 21. Qxf5 Bf6 22. Nc6 Rb5 23. Rfe1 h6 24. Qg6 Ne4 {1-0 (24) Sanal,V (2551)-Saeed,I (2434) Riadh 2017}) 11. Ba2 Nxd5 {LiveBook: 4 Games} 12. exd5 b3 {The position is equal.} 13. Qe1 c5 $146 (13... bxa2 $11 14. Qxa5 c5 15. Qxd8+ Rxd8) ({Predecessor:} 13... bxa2 14. Qxa5 O-O 15. Rxa2 Qc8 16. Nd2 Bd8 17. Nc4 c5 18. Qd2 Bxd5 {½-½ (31) Aliferenko,A (2217)-Kotliar,A (2261) Kremennaya 2017}) 14. Bd2 $14 bxa2 15. Bxa5 Qd7 16. Qe4 Rb8 17. Qc4 Ba8 18. Qxa2 ({Don't play} 18. Rxa2 Qb7 $11) 18... Qb7 19. c4 Qxb2 20. Qxb2 Rxb2 21. Rfb1 Rb7 22. Rxb7 Bxb7 23. Rb1 $36 {[%mdl 2048] White is pushing.} Bc8 24. Rb8 O-O 25. Nd2 f5 26. Kf1 Re8 27. f3 (27. Bc7 $142) 27... Bd7 $16 28. Rb6 Bd8 $2 {[#]} (28... Bxa4 $16 29. Rxa6 Rc8) 29. Rxa6 $18 ({Resist} 29. Rxd6 $6 Bxa5 30. Nb3 Bxa4 $16) 29... Bxa5 30. Rxa5 {[%mdl 4096] Endgame KRB-KRN} Kf7 31. Ra7 Ke7 32. a5 {[%cal Ba4a5,Ba5a6,Ba6a7][%mdl 32]} Rb8 33. a6 {[#] And now Rb7 would win.} Rb2 34. Ke1 Ra2 35. Ra8 Ba4 36. a7 Ra1+ 37. Kf2 Be8 (37... Bd7 {was worth a try.} 38. Nb1 g6) 38. g4 {[%cal Bg2g4,Bg4g5][%mdl 32]} g6 (38... Ra2 {was called for.} 39. Kg3 (39. gxf5 Rxd2+ 40. Kg3 Ra2 $17) 39... f4+ 40. Kh3 h5) 39. g5 {Precision: White = 90%, Black = 47%.} 1-0

[Event "46th GRE-chT Premier 2018"]
[Site "Rio Achaia"]
[Date "2018.07.12"]
[Round "4"]
[White "Theodorou, Nikolas"]
[Black "Kofidis, Andreas"]
[Result "1-0"]
[WhiteElo "2513"]
[BlackElo "2321"]
[Annotator "ChessBase"]
[PlyCount "75"]
[EventDate "2018.07.10"]
[EventType "team-tourn"]
[EventCountry "GRE"]
[SourceTitle "playchess.com"]
[Source "ChessBase"]
[SourceQuality "1"]
[TimeControl "40/5400+30:1800+30"]

1. d4 {[%emt 0:00:00]} Nf6 {[%emt 0:00:22]} 2. Nf3 {[%emt 0:00:00]} e6 {[%emt 0:00:31]} 3. g3 {[%emt 0:01:57]} d5 {[%emt 0:02:06]} 4. Bg2 {[%emt 0:01:40]} Nbd7 {[%emt 0:00:21]} 5. O-O {[%emt 0:00:49]} Be7 {[%emt 0:05:57]} 6. c4 {[%emt 0:05:40]} O-O {[%emt 0:00:57]} 7. cxd5 {[%emt 0:08:53]} exd5 {[%emt 0:00:16]} 8. Nc3 {[%emt 0:00:16]} c6 {[%emt 0:01:02]} 9. a3 {[%emt 0:06:04]} a5 {[%emt 0:00:29]} 10. Qc2 {[%emt 0:11:29]} Re8 {[%emt 0:00:31]} 11. Bg5 {[%emt 0:17:10]} Ne4 {[%emt 0:06:28]} 12. Bxe7 {[%emt 0:00:41]} Qxe7 {[%emt 0:00:04]} 13. e3 {[%emt 0:01:54]} Nd6 {[%emt 0:10:52]} 14. Nd2 {[%emt 0:07:37]} Nf6 {[%emt 0:03:23]} 15. b4 {[%emt 0:04:19]} Bf5 {[%emt 0:01:24]} 16. Qb2 {[%emt 0:00:14]} b5 {[%emt 0:04:51]} 17. a4 {[%emt 0:09:18]} Bd3 {[%emt 0:08:25]} 18. Rfe1 {[%emt 0:02:27]} Nc4 {[%emt 0:03:32]} 19. Nxc4 {[%emt 0:00:06]} Bxc4 {[%emt 0:00:07]} 20. bxa5 {[%emt 0:03:21]} b4 {[%emt 0:00:34]} 21. Nb1 {[%emt 0:00:56]} Rxa5 {[%emt 0:00:46]} 22. Nd2 {[%emt 0:00:13]} c5 {[%emt 0:13:31]} 23. e4 {[%emt 0:03:56]} Bd3 {[%emt 0:01:37]} 24. Nb3 {[%emt 0:01:49]} c4 {[%emt 0:07:38]} 25. Nxa5 {[%emt 0:00:16]} c3 {[%emt 0:00:04]} 26. Qb3 {[%emt 0:01:23]} dxe4 {[%emt 0:00:07]} 27. Nc6 {[%emt 0:01:01]} Qd6 {[%emt 0:00:06]} 28. Nxb4 {[%emt 0:01:23]} Rb8 {[%emt 0:00:34]} 29. Qxc3 {[%emt 0:00:11]} Qxb4 {[%emt 0:00:44]} 30. Qxb4 {[%emt 0:00:18]} Rxb4 {[%emt 0:00:02]} 31. a5 {[%emt 0:00:23]} Rxd4 {[%emt 0:00:57]} 32. a6 {[%emt 0:00:20]} Rd8 {[%emt 0:00:05]} 33. a7 {[%emt 0:00:24]} Ra8 {[%emt 0:00:01]} 34. f3 {[%emt 0:00:37]} Nd7 {[%emt 0:00:54]} 35. fxe4 {[%emt 0:01:15]} Ne5 {[%emt 0:00:05]} 36. Rec1 {[%emt 0:00:18]} g6 {[%emt 0:00:19]} 37. Rc7 {[%emt 0:00:27]} Kg7 {[%emt 0:00:50]} 38. Ra5 {[%emt 0:00:26]} 1-0

[Event "46th GRE-chT Premier 2018"]
[Site "Rio Achaia"]
[Date "2018.07.12"]
[Round "4"]
[White "Mastrovasilis, Athanasios"]
[Black "Safarli, Eltaj"]
[Result "1/2-1/2"]
[WhiteElo "2497"]
[BlackElo "2667"]
[Annotator "TA"]
[PlyCount "61"]
[EventDate "2018.07.10"]
[EventType "team-tourn"]
[EventCountry "GRE"]
[SourceTitle "playchess.com"]
[Source "ChessBase"]
[SourceQuality "1"]

{[%evp 19,61,-5,0,0,0,0,13,8,6,-9,-4,-4,-11,-8,-8,-2,-4,-11,0,0,0,0,0,-7,0,0,0,0,0,0,0,0,0,-6,-2,-6,-6,-10,0,0,0,0,0,0]} 1. Nf3 Nf6 2. c4 g6 3. Nc3 d5 4. cxd5 Nxd5 5. Qa4+ Nc6 6. Ne5 Qd6 {A16: Englische Eröffnung} 7. Nxc6 Qxc6 8. Qxc6+ bxc6 9. b3 Nxc3 10. dxc3 a5 {LiveBook: 3 Partien. Die Stellung ist ausgeglichen.} 11. g3 $146 ({Vorgänger:} 11. Bb2 a4 12. g3 Bg7 13. O-O-O O-O 14. c4 axb3 15. axb3 {½-½ (25) Bruzon Batista,L (2673)-Sutovsky,E (2700) Baku 2011}) 11... a4 12. Bg2 Ra6 13. bxa4 Bg7 14. Bd2 O-O 15. O-O Be6 16. Bg5 Re8 17. Rfd1 Be5 18. Be4 f6 19. Bf4 Bxf4 20. gxf4 Rb8 21. e3 Rxa4 22. Bxc6 Ra3 23. Bd5 Kf7 24. c4 Rb2 25. Rdb1 Raxa2 (25... Rd2 {keeps more tension.} 26. Rb7 Bxd5 27. cxd5 Rc3 28. a4 Rcc2) 26. Rxb2 Rxa1+ $11 {KTL-KTL} 27. Kg2 Ra5 28. e4 c6 29. Bxc6 Bxc4 30. Rc2 Be6 31. f3 {Precision: Weiß = 73%, Schwarz = 51%.} 1/2-1/2

[Event "46th GRE-chT Premier 2018"]
[Site "Rio Achaia"]
[Date "2018.07.12"]
[Round "4"]
[White "Nedev, Trajko"]
[Black "Kelires, Andreas"]
[Result "1-0"]
[WhiteElo "2490"]
[BlackElo "2530"]
[Annotator "TA"]
[PlyCount "129"]
[EventDate "2018.07.10"]
[EventType "team-tourn"]
[EventCountry "GRE"]
[SourceTitle "playchess.com"]
[Source "ChessBase"]
[SourceQuality "1"]

{[%evp 21,129,-28,-31,-24,-19,-23,-23,-30,0,-36,0,-45,-39,-15,10,9,7,-16,-22,-79,-38,-39,-44,-164,-187,-214,-232,-226,-171,-154,-127,-170,-148,-187,-137,-137,-137,-137,-138,-150,-152,-164,-137,-130,-110,-108,-115,-140,-148,-142,-83,-133,-94,-93,-72,-96,-67,-89,-92,-128,-133,-154,-114,-177,-176,-168,-108,-114,-102,-114,-75,-110,-30,-110,-47,-43,0,-117,-106,-134,-122,-135,0,0,0,0,0,0,762,731,729,705,650,0,29985,29986,29986,29987,29987,29988,29993,29994,29994,29995,29997,12843,12844,12843,29995,29996]} 1. e4 c5 2. Nf3 d6 3. d4 cxd4 4. Nxd4 Nf6 5. Nc3 a6 6. h3 e5 7. Nb3 Be6 {B90: Sicilian Najdorf: Unusual White 6th moves, 6 Be3 Ng4 and 6 Be3 e5} 8. Be3 (8. f4 exf4 9. Bxf4 Nc6 10. Qe2 Be7 11. O-O-O Qc7 12. g4 O-O 13. g5 Nd7 14. Nd5 Bxd5 15. exd5 {1-0 (36) Safarli,E (2667)-Papaioannou,I (2647) Rio Achaea 2018}) 8... Be7 9. Qf3 O-O 10. O-O-O b5 {[%cal Bb7b5,Bb5b4][%mdl 32]} 11. g4 b4 {LiveBook: 30 Games} 12. Nd5 Nxd5 13. exd5 Bc8 14. Kb1 Nd7 15. Nd2 Qc7 16. Ne4 $146 Bb7 17. b3 Rfc8 18. Bc4 a5 19. Qe2 a4 20. Bb5 (20. h4 $11) 20... Nb6 21. Bxb6 $1 Qxb6 22. bxa4 (22. Rhf1 $15) 22... Ba6 $1 $19 23. Rd2 Bxb5 24. Qxb5 Qa7 25. Ka1 Rab8 26. Qd3 Qxa4 27. Qb3 Qa6 28. Rb1 h6 29. Qd3 Qa7 30. Rb3 Ra8 {[%csl Ga8][%cal Ra7a2]} 31. Rb2 Qa5 32. Qb3 Rab8 33. Rd1 Rb5 34. Kb1 Qa7 35. h4 Qd7 (35... Ra8 $142 $1 36. Qc4 Ra5) 36. f3 Rbb8 ({Don't play} 36... Bxh4 37. a3 $15) 37. h5 Bd8 38. Qd3 Rb7 39. Qa6 Rb6 40. Qd3 Ra8 41. Qc4 Qb7 42. Rd3 (42. Qe2 $17) 42... Rc8 43. Qb3 Qd7 (43... Qa7 $1 $19 44. Rd1 Ra6) 44. Rd1 Qa7 45. Qe3 Qa5 46. Qd3 Qa8 (46... Ra8 $1 $17) 47. Re1 (47. g5 $1 $11 {keeps the balance.} hxg5 48. h6 $1 {[%mdl 512]}) 47... Qb7 (47... Qa7 $17 48. Qe3 Qa5) 48. f4 $15 Qd7 49. fxe5 (49. g5 $1 $11) 49... dxe5 $17 50. Qf3 Rc4 51. d6 Rd4 ({Black should try} 51... Qc6 $17 52. Rb3 Rxc2) 52. Rb3 $11 Qe6 53. Qf5 Qc4 {And now ...Bh4 would win.} 54. Qxe5 {Threatens to win with g5.} Bh4 $2 {[%mdl 8192] [#]} (54... Rc6 $11 55. g5 hxg5) 55. g5 $1 $18 Bxg5 56. Nxg5 hxg5 57. Qxg5 $2 $40 {[%mdl 128] White mounts an attack.} ({Better is} 57. Qf5 $18 {[%cal Re1e8]} Qc6 58. Qxg5 Rxd6 59. Rg1) 57... Rdxd6 $2 {[%mdl 8192]} (57... Rb5 $11 58. Qd8+ Kh7) 58. Re8+ Kh7 59. Qf5+ g6 60. hxg6+ Rxg6 61. Rh3+ Kg7 62. Qe5+ Rbf6 {[#]} 63. Reh8 (63. Rg8+ $142 $1 {[%mdl 512]} Kxg8 64. Qe8+ Kg7 65. Qh8#) 63... Rg1+ 64. Kb2 {R3h7+ would kill now.} Qxa2+ 65. Kxa2 {Precision: White = 47%, Black = 48%.} 1-0

[Event "46th GRE-chT Premier 2018"]
[Site "Rio Achaia"]
[Date "2018.07.12"]
[Round "4"]
[White "Leniart, Arkadiusz"]
[Black "Gouloutis, Nikolaos"]
[Result "1/2-1/2"]
[WhiteElo "2489"]
[BlackElo "2382"]
[Annotator "ChessBase"]
[PlyCount "95"]
[EventDate "2018.07.10"]
[EventType "team-tourn"]
[EventCountry "GRE"]
[SourceTitle "playchess.com"]
[Source "ChessBase"]
[SourceQuality "1"]
[TimeControl "40/5400+30:1800+30"]

1. Nf3 {[%emt 0:00:00]} Nf6 {[%emt 0:00:00]} 2. c4 {[%emt 0:00:00]} e6 {[%emt 0:00:00]} 3. Nc3 {[%emt 0:00:00]} Bb4 {[%emt 0:01:14]} 4. g4 {[%emt 0:00:00]} d6 {[%emt 0:04:41]} 5. g5 {[%emt 0:00:00]} Nfd7 {[%emt 0:00:04]} 6. h4 {[%emt 0:00:03]} a5 {[%emt 0:03:20]} 7. h5 {[%emt 0:04:53]} Nc6 {[%emt 0:17:16]} 8. Rg1 {[%emt 0:32:44]} Nde5 {[%emt 0:12:33]} 9. Nxe5 {[%emt 0:00:23]} dxe5 {[%emt 0:00:08]} 10. Bg2 {[%emt 0:07:53]} Bd7 {[%emt 0:13:21]} 11. Ne4 {[%emt 0:00:52]} f5 {[%emt 0:03:45]} 12. gxf6 {[%emt 0:03:32]} gxf6 {[%emt 0:02:02]} 13. a3 {[%emt 0:09:14]} Be7 {[%emt 0:00:09]} 14. h6 {[%emt 0:07:19]} f5 {[%emt 0:09:42]} 15. Nc3 {[%emt 0:00:04]} Rg8 {[%emt 0:02:28]} 16. e3 {[%emt 0:04:52]} e4 {[%emt 0:01:33]} 17. d4 {[%emt 0:04:30]} exd3 {[%emt 0:00:30]} 18. Qxd3 {[%emt 0:03:38]} Ne5 {[%emt 0:05:36]} 19. Qf1 {[%emt 0:05:21]} Bh4 {[%emt 0:07:14]} 20. Bxb7 {[%emt 0:07:38]} Rxg1 {[%emt 0:00:05]} 21. Qxg1 {[%emt 0:00:13]} Ng4 {[%emt 0:00:07]} 22. Ke2 {[%emt 0:02:19]} Rb8 {[%emt 0:01:57]} 23. Bf3 {[%emt 0:00:25]} Qf6 {[%emt 0:10:57]} 24. Bxg4 {[%emt 0:02:11]} fxg4 {[%emt 0:00:05]} 25. Qxg4 {[%emt 0:00:10]} Qxf2+ {[%emt 0:00:04]} 26. Kd3 {[%emt 0:00:08]} Qf5+ {[%emt 0:03:21]} 27. Qxf5 {[%emt 0:00:04]} exf5 {[%emt 0:00:03]} 28. Kc2 {[%emt 0:00:21]} Rb6 {[%emt 0:01:11]} 29. Nd5 {[%emt 0:00:47]} Ba4+ {[%emt 0:00:20]} 30. Kc3 {[%emt 0:01:59]} Be1+ {[%emt 0:00:37]} 31. Kd4 {[%emt 0:00:26]} Rxh6 {[%emt 0:00:11]} 32. Nxc7+ {[%emt 0:01:28]} Kd8 {[%emt 0:00:26]} 33. Nd5 {[%emt 0:00:21]} Rh4+ {[%emt 0:00:33]} 34. Nf4 {[%emt 0:00:51]} Bb3 {[%emt 0:00:23]} 35. e4 {[%emt 0:00:44]} Bg3 {[%emt 0:00:55]} 36. Ne6+ {[%emt 0:00:18]} Kc8 {[%emt 0:00:15]} 37. Nc5 {[%emt 0:01:55]} Bc2 {[%emt 0:00:31]} 38. Bg5 {[%emt 0:00:46]} Rg4 {[%emt 0:00:30]} 39. Rc1 {[%emt 0:00:30]} Bxe4 {[%emt 0:00:48]} 40. Nxe4 {[%emt 0:00:00]} Bf2+ {[%emt 0:00:00]} 41. Ke5 {[%emt 0:06:56]} fxe4 {[%emt 0:00:58]} 42. Bf4 {[%emt 0:00:26]} e3 {[%emt 0:05:35]} 43. Rc2 {[%emt 0:00:06]} h5 {[%emt 0:02:22]} 44. Re2 {[%emt 0:07:17]} a4 {[%emt 0:18:40]} 45. Bxe3 {[%emt 0:02:12]} Bxe3 {[%emt 0:00:13]} 46. Rxe3 {[%emt 0:00:05]} Rxc4 {[%emt 0:00:06]} 47. b3 {[%emt 0:01:27]} axb3 {[%emt 0:00:04]} 48. Rxb3 {[%emt 0:00:04]} 1/2-1/2

[Event "46th GRE-chT Premier 2018"]
[Site "Rio Achaia"]
[Date "2018.07.12"]
[Round "4"]
[White "Paehtz, Elisabeth"]
[Black "Skaraki, Antigoni"]
[Result "1-0"]
[WhiteElo "2489"]
[BlackElo "2027"]
[Annotator "ChessBase"]
[PlyCount "81"]
[EventDate "2018.07.10"]
[EventType "team-tourn"]
[EventCountry "GRE"]
[SourceTitle "playchess.com"]
[Source "ChessBase"]
[SourceQuality "1"]
[TimeControl "40/5400+30:1800+30"]

1. d4 {[%emt 0:00:00]} Nf6 {[%emt 0:00:00]} 2. Bf4 {[%emt 0:00:00]} g6 {[%emt 0:00:00]} 3. Nc3 {[%emt 0:00:00]} Bg7 {[%emt 0:05:49]} 4. e4 {[%emt 0:00:00]} d6 {[%emt 0:00:07]} 5. Qd2 {[%emt 0:00:00]} O-O {[%emt 0:00:51]} 6. O-O-O {[%emt 0:00:08]} c6 {[%emt 0:12:02]} 7. Bh6 {[%emt 0:00:05]} b5 {[%emt 0:04:21]} 8. f3 {[%emt 0:02:05]} Qa5 {[%emt 0:04:19]} 9. Kb1 {[%emt 0:01:17]} Be6 {[%emt 0:18:29]} 10. Nd5 {[%emt 0:12:52]} Qxd2 {[%emt 0:10:48]} 11. Nxf6+ {[%emt 0:00:23]} Bxf6 {[%emt 0:00:24]} 12. Rxd2 {[%emt 0:00:05]} Rc8 {[%emt 0:03:53]} 13. Be3 {[%emt 0:02:32]} a5 {[%emt 0:03:08]} 14. Ne2 {[%emt 0:01:15]} Bc4 {[%emt 0:10:38]} 15. b3 {[%emt 0:00:14]} Bxe2 {[%emt 0:00:23]} 16. Bxe2 {[%emt 0:00:04]} b4 {[%emt 0:04:14]} 17. f4 {[%emt 0:06:54]} Na6 {[%emt 0:06:18]} 18. Bg4 {[%emt 0:05:56]} Rc7 {[%emt 0:00:52]} 19. Bf3 {[%emt 0:01:26]} Bg7 {[%emt 0:01:21]} 20. e5 {[%emt 0:02:13]} d5 {[%emt 0:00:59]} 21. g4 {[%emt 0:02:39]} e6 {[%emt 0:00:59]} 22. h4 {[%emt 0:05:25]} c5 {[%emt 0:01:00]} 23. h5 {[%emt 0:02:11]} c4 {[%emt 0:02:25]} 24. hxg6 {[%emt 0:00:06]} hxg6 {[%emt 0:00:05]} 25. f5 {[%emt 0:00:30]} cxb3 {[%emt 0:01:11]} 26. cxb3 {[%emt 0:00:28]} Rc3 {[%emt 0:00:17]} 27. Re2 {[%emt 0:00:49]} gxf5 {[%emt 0:05:52]} 28. gxf5 {[%emt 0:00:05]} exf5 {[%emt 0:00:45]} 29. Bxd5 {[%emt 0:00:15]} Rd8 {[%emt 0:02:06]} 30. Bc4 {[%emt 0:00:14]} Nc7 {[%emt 0:00:11]} 31. Rg1 {[%emt 0:02:09]} Kf8 {[%emt 0:00:18]} 32. Rf1 {[%emt 0:05:04]} Nd5 {[%emt 0:01:01]} 33. Bd2 {[%emt 0:00:39]} Rh3 {[%emt 0:00:25]} 34. Rxf5 {[%emt 0:00:35]} Rh1+ {[%emt 0:00:41]} 35. Kc2 {[%emt 0:01:05]} Ra1 {[%emt 0:00:17]} 36. Kb2 {[%emt 0:00:41]} Rd1 {[%emt 0:00:28]} 37. e6 {[%emt 0:04:49]} Bxd4+ {[%emt 0:00:18]} 38. Kc2 {[%emt 0:00:03]} Ne3+ 39. Bxe3 {[%emt 0:00:06]} Bxe3 {[%emt 0:01:14]} 40. e7+ {[%emt 0:00:00]} Kxe7 {[%emt 0:00:00]} 41. Rxe3+ {[%emt 0:00:09]} 1-0

[Event "46th GRE-chT Premier 2018"]
[Site "Rio Achaia"]
[Date "2018.07.12"]
[Round "4"]
[White "Cornette, Deimante"]
[Black "Stoumbou, Eleni"]
[Result "1-0"]
[WhiteElo "2470"]
[BlackElo "1811"]
[Annotator "ChessBase"]
[PlyCount "95"]
[EventDate "2018.07.10"]
[EventType "team-tourn"]
[EventCountry "GRE"]
[SourceTitle "playchess.com"]
[Source "ChessBase"]
[SourceQuality "1"]
[TimeControl "40/5400+30:1800+30"]

1. e4 {[%emt 0:00:00]} c6 {[%emt 0:00:00]} 2. d4 {[%emt 0:00:00]} d5 {[%emt 0:00:00]} 3. exd5 {[%emt 0:00:05]} cxd5 {[%emt 0:00:02]} 4. Bd3 {[%emt 0:00:09]} Nc6 {[%emt 0:00:11]} 5. c3 {[%emt 0:00:11]} Qc7 {[%emt 0:00:39]} 6. Ne2 {[%emt 0:00:24]} Bg4 {[%emt 0:04:54]} 7. O-O {[%emt 0:00:49]} e6 {[%emt 0:02:12]} 8. Qe1 {[%emt 0:01:37]} Bd6 {[%emt 0:11:32]} 9. f3 {[%emt 0:00:58]} Bh5 {[%emt 0:00:56]} 10. Qh4 {[%emt 0:00:38]} Bg6 {[%emt 0:04:29]} 11. Bxg6 {[%emt 0:00:23]} fxg6 {[%emt 0:00:06]} 12. Nf4 {[%emt 0:06:42]} Kf7 {[%emt 0:08:34]} 13. Re1 {[%emt 0:06:16]} Re8 {[%emt 0:01:29]} 14. Na3 {[%emt 0:05:48]} a6 {[%emt 0:19:24]} 15. Nc2 {[%emt 0:03:55]} Nh6 {[%emt 0:05:01]} 16. g3 {[%emt 0:07:51]} Nf5 {[%emt 0:06:51]} 17. Qg4 {[%emt 0:02:13]} Rhf8 {[%emt 0:12:57]} 18. Kg2 {[%emt 0:03:39]} Bxf4 {[%emt 0:16:54]} 19. Bxf4 e5 20. dxe5 {[%emt 0:11:20]} Nxe5 {[%emt 0:01:14]} 21. Bxe5 {[%emt 0:00:46]} Rxe5 22. Qf4 {[%emt 0:00:55]} Rfe8 {[%emt 0:00:22]} 23. Rxe5 {[%emt 0:01:15]} Qxe5 {[%emt 0:00:25]} 24. Qxe5 {[%emt 0:00:09]} Rxe5 25. Kf2 g5 {[%emt 0:02:43]} 26. Rd1 {[%emt 0:02:20]} Ne7 {[%emt 0:00:38]} 27. Nb4 {[%emt 0:01:49]} Ke6 {[%emt 0:00:41]} 28. Nd3 {[%emt 0:01:08]} Rf5 {[%emt 0:00:43]} 29. Nc5+ Kd6 {[%emt 0:00:20]} 30. Nxb7+ {[%emt 0:01:47]} Kc6 {[%emt 0:00:12]} 31. Na5+ {[%emt 0:00:15]} Kb6 {[%emt 0:00:36]} 32. Nb3 {[%emt 0:00:49]} Re5 {[%emt 0:00:40]} 33. Nd4 {[%emt 0:03:21]} Nc6 {[%emt 0:00:40]} 34. Nxc6 {[%emt 0:05:15]} Kxc6 {[%emt 0:00:06]} 35. Re1 {[%emt 0:00:07]} Rf5 {[%emt 0:00:45]} 36. Re6+ {[%emt 0:14:31]} Kb5 {[%emt 0:00:04]} 37. Re7 Kc4 38. Ke3 {[%emt 0:03:12]} h5 {[%emt 0:01:06]} 39. Rc7+ {[%emt 0:00:24]} Kb5 {[%emt 0:00:00]} 40. Rxg7 {[%emt 0:00:00]} Re5+ {[%emt 0:00:00]} 41. Kf2 Kc4 42. f4 {[%emt 0:04:39]} gxf4 {[%emt 0:08:39]} 43. gxf4 {[%emt 0:00:04]} Re4 {[%emt 0:00:14]} 44. Kf3 {[%emt 0:01:31]} Kd3 {[%emt 0:02:30]} 45. f5 {[%emt 0:01:32]} Re3+ {[%emt 0:02:44]} 46. Kf4 {[%emt 0:00:27]} Re2 {[%emt 0:00:07]} 47. Rg3+ {[%emt 0:00:23]} Kc4 {[%emt 0:00:47]} 48. f6 {[%emt 0:00:49]} 1-0

[Event "46th GRE-chT Premier 2018"]
[Site "Rio Achaia"]
[Date "2018.07.12"]
[Round "4"]
[White "Firat, Burak"]
[Black "David, Alberto"]
[Result "1/2-1/2"]
[WhiteElo "2452"]
[BlackElo "2549"]
[Annotator "TA"]
[PlyCount "54"]
[EventDate "2018.07.10"]
[EventType "team-tourn"]
[EventCountry "GRE"]
[SourceTitle "playchess.com"]
[Source "ChessBase"]
[SourceQuality "1"]

{[%evp 9,54,16,35,0,2,-4,14,12,33,26,28,25,41,42,46,0,0,0,0,0,24,24,7,0,19,20,13,-7,-8,-9,-9,-9,-8,-10,0,0,0,0,0,0,0,0,0,0,0,0,0]} 1. e4 c6 2. d4 d5 3. Nc3 dxe4 4. Nxe4 Nf6 5. Qd3 Qd5 6. Nc3 {B15: Caro-Kann: 3 Nc3: 3...g6 and 3...dxe4 4 Nxe4 Nf6 5 Nxf6+ exf6} Qa5 7. Bd2 Na6 $146 {[#] Hoping for ...Nb4.} ({Predecessor:} 7... Bf5 8. Qg3 Qd8 9. O-O-O e6 10. Be2 Bd6 11. Qh4 Nbd7 12. Bg5 Qa5 13. Bd3 O-O-O 14. Bxf5 Qxf5 {0-1 (35) Suarez Triguero,J (2063)-Ortega Ruiz,J (2288) Madrid 2015}) 8. Ne4 Qd5 9. Nxf6+ exf6 10. c4 {[%cal Bc2c4,Bc4c5][%mdl 32]} Qe6+ 11. Be2 Bd6 12. c5 Bb8 13. Nf3 O-O 14. O-O Rd8 15. Rfe1 Qd5 ({Reject} 15... Nxc5 $6 16. Qc2 $16) 16. Qb3 {The position is equal.} Qxb3 $1 17. axb3 Nc7 18. Bf4 Bg4 19. Bc4 Ne6 20. Bxb8 Raxb8 21. Rxa7 Kf8 22. Bxe6 Bxe6 23. b4 Bd5 24. Nd2 Be6 25. Nf3 Bd5 26. Nd2 Be6 27. Nf3 Bd5 {Precision: White = 78%, Black = 77%.} 1/2-1/2